Largest Urban Areas in Nigeria - Statistics

General Stats
  • This quiz has been taken 49 times
    31 since last reset
  • The average score is 9 of 14
Answer Stats
Population City % Correct
3,325,000 Ibadan
100%
5,200,000 Kano
100%
20,700,000 Lagos
100%
2,900,000 Abuja
92%
2,200,000 Port Harcourt
92%
1,750,000 Benin City
85%
1,160,000 Maiduguri
69%
1,100,000 Sokoto
62%
1,130,000 Ilorin
54%
1,200,000 Onitsha
54%
1,930,000 Kaduna
46%
1,250,000 Aba
38%
1,090,000 Jos
38%
1,020,000 Zaria
8%
No matching quizzes found
Score Distribution
Percent of People with Each Score
Percentile by Number Answered
Your Score History
You have not taken this quiz since the last reset